000 00436nam a2200181Ia 4500
008 151202s9999||||xx |||||||||||||| ||und||
082 _bPNVM-8366
100 _aGUPTA J.P.
245 _aJINNAHSAHEB ‘ PLEASE.
260 _bHAMARA HINDUSTAN PUB.
260 _c0
300 _a234
600 _aGUPTA J.P.
630 _aJINNAHSAHEB ‘ PLEASE.
700 _aGUPTA J.P.
730 _aJINNAHSAHEB ‘ PLEASE.
942 _cBOOK
999 _c1274355
_d1274352